Statistics for Countries on the Least Wikipedias

Click here to take the quiz!

General Stats

  • This quiz has been taken 14 times
  • The average score is 18 of 20

Answer Stats

#Country% Correct
178Tonga
100%
168Marshall Islands
100%
171Saint Kitts and Nevis
100%
174Solomon Islands
100%
175Tuvalu
100%
185Nauru
100%
177Saint Lucia
100%
188Papua New Guinea
93%
183Trinidad and Tobago
93%
178Kiribati
93%
165Saint Vincent and the Grenadines
93%
177Vanuatu
93%
177Samoa
93%
177Palau
93%
185Dominica
86%
188Grenada
86%
188Fiji
79%
161Federated States of Micronesia
79%
187Kosovo
50%
187South Sudan
50%

Score Distribution

Percentile by Number Answered

Percent of People with Each Score

Your Score History

You have not taken this quiz